NFL Top 100 All-Time: Passes Defended - Statistics

General Stats
  • This quiz has been taken 258 times
    28 since last reset
  • The average score is 27 of 100
Answer Stats
# Player PDs % Correct
T21 Darrelle Revis 139
81%
4 Charles Woodson 183
74%
59 Patrick Surtain 105
74%
T21 Ed Ree 139
67%
T57 Harrison Smith 106
67%
T37 Jalen Ramsey 116
67%
T46 Kareem Jackson 110
67%
T82 Ray Lewis 96
67%
T37 Richard Sherman 116
67%
T85 Sean Smith 95
67%
T9 Tramon Williams 153
67%
1 Champ Bailey 203
59%
T77 Adam Jones 97
56%
T77 Marcus Peters 97
56%
T12 Sheldon Brown 146
52%
56 Troy Polamalu 107
52%
T17 Al Harris 140
48%
T77 Chris Harris Jr. 97
48%
25 Ike Taylor 134
48%
15 Stephon Gilmore 143
48%
27 Walt Harris 129
48%
6 Asante Samuel 164
44%
T9 Brian Dawkins 153
44%
7 Darius Slay 163
44%
T31 Patrick Peterson 122
44%
T35 Antonio Cromartie 117
41%
T12 Dominique Rodgers-Cromartie 146
41%
3 Ronde Barber 197
41%
39 Tory James 114
41%
28 Aqib Tali 125
37%
88 Carlton Davis 94
37%
T17 Charles Tillman 140
37%
T54 Ty Law 108
37%
T77 Vontae Davis 97
37%
T70 Adrian Wilson 99
33%
T46 Devin McCourty 110
30%
T73 Eric Weddle 98
30%
T54 Jason McCourty 108
30%
T73 Marshon Lattimore 98
30%
T17 Brent Grimes 140
26%
2 Johnathan Joseph 200
26%
T99 Josh Norman 88
26%
T60 Marlon Humphrey 104
26%
T68 Tyrann Mathieu 100
26%
T33 Will Allen 118
26%
T35 Antoine Winfield 117
22%
T94 Brian Urlacher 90
22%
16 DeAngelo Hall 141
22%
T92 Dunta Robinson 91
22%
T33 Leon Hall 118
22%
T40 Samari Rolle 112
22%
T85 Xavien Howard 95
22%
T23 Brandon Carr 138
19%
T23 Chris McAlister 138
19%
30 Darren Sharper 123
19%
5 Terence Newman 183
19%
T51 Carlos Rogers 109
15%
T97 Desmond Trufant 89
15%
T40 Marcus Trufant 112
15%
T17 Quentin Jammer 140
15%
T66 Reggie Nelson 101
15%
63 Sam Madison 103
15%
T51 Brandon Flowers 109
11%
T40 Casey Hayward 112
11%
11 Dre' Bly 150
11%
29 Janoris Jenkins 124
11%
8 Joe Haden 155
11%
T92 Ladarius Webb 91
11%
T46 Malcolm Jenkins 110
11%
T94 Mike Adams 90
11%
T64 Troy Vincent 102
11%
T89 Xavier Rhodes 92
11%
T64 Aaron Glenn 102
7%
T77 Corey Webster 97
7%
T66 Deltha O'Neal 101
7%
T46 Deon Grant 110
7%
T40 James Bradberry 112
7%
T82 London Fletcher 96
7%
T70 Marcus Coleman 99
7%
T31 Mike McKenzie 122
7%
14 Nate Clements 144
7%
T94 Nick Harper 90
7%
26 Rashean Mathis 132
7%
T89 Rasul Douglas 92
7%
45 Shawn Springs 111
7%
T51 Anthony Henry 109
4%
T68 Brian Kelly 100
4%
T73 Chris Gamble 98
4%
T97 Robert Alford 89
4%
T85 Andre' Goodman 95
0%
T99 Buster Skrine 88
0%
T60 Denzel Ward 104
0%
T40 Deshea Townsend 112
0%
T89 Donnie Abraham 92
0%
T60 Drayton Florence 104
0%
T82 Jabari Greer 96
0%
T46 Ken Lucas 110
0%
T73 Logan Ryan 98
0%
T57 Ronald Darby 106
0%
T70 Terrence McGee 99
0%
No matching quizzes found
Score Distribution
Percent of People with Each Score
Percentile by Number Answered
Your Score History
You have not taken this quiz since the last reset